[Event "GER-chB U25"]
[Site "Oberhof"]
[Date "2011.06.17"]
[Round "8"]
[White "Binner, Pascal"]
[Black "Hallbauer, Emil Karlsson"]
[Result "0-1"]
[WhiteElo "975"]
[BlackElo "856"]
[PlyCount "56"]
[EventDate "2011.06.11"]
[EventType "swiss"]
[EventRounds "9"]
[EventCountry "GER"]
[SourceTitle "CBM 142 Extra"]
[Source "ChessBase"]
[SourceDate "2011.06.27"]
[SourceVersion "1"]
[SourceVersionDate "2011.06.27"]
[SourceQuality "1"]

1. e4 d6 2. d4 Nf6 3. Nc3 g6 4. Nge2 Bg4 5. f3 Bd7 6. Be3 a6 7. Qd2 Bb5 8. Ng3 c6 9. 0-0-0 Qa5 10. a3 Nbd7 11. Bg5 c5 12. Bxf6 Nxf6 13. dxc5 Rd8 14. b4 Qxa3+ 15. Kb1 Qxb4+ 16. Kc1 Qxc5 17. f4 Rc8 18. Nge2 Qa3+ 19. Kb1 Bxe2 20. Nxe2 Nxe4 21. Qd4 Rc5 22. Ng3 Nc3+ 23. Qxc3 Rxc3 24. Rd3 Rxd3 25. Bxd3 Bg7 26. c3 Bxc3 27. Kc2 Qb2+ 28. Kd1 Qd2# 0-1